Statistics for Elimination Chamber Entrants

Click here to take the quiz!

General Stats

  • This quiz has been taken 52 times
  • The average score is 112 of 128

Answer Stats

MatchAnswer% Correct
Elimination Chamber (2011) Smackdown | Elimination Chamber (2013) | New Year's Revolution (2006) | +2 othersKane
100%
Elimination Chamber (2017)Bray Wyatt
97%
Elimination Chamber (2010) Smackdown | Elimination Chamber (2012) Raw | Elimination Chamber (2013) | +5 othersChris Jericho
97%
Elimination Chamber (2011) Smackdown | New Year's Revolution (2005) | No Way Out (2009) Raw | No Way Out (2009) SmackDownEdge
97%
Elimination Chamber (2010) Raw | Elimination Chamber (2011) Raw | Elimination Chamber (2014) | +3 othersJohn Cena
97%
Elimination Chamber (2010) Raw | Elimination Chamber (2011) Raw | Elimination Chamber (2013) | +3 othersRandy Orton
97%
New Year's Revolution (2006) | No Way Out (2008) Raw | SummerSlam (2003) | Survivor Series (2002)Shawn Michaels
97%
Elimination Chamber (2010) Raw | New Year's Revolution (2005) | No Way Out (2008) Raw | +3 othersTriple H
97%
SummerSlam (2003)Goldberg
94%
December to Dismember (2006) | Survivor Series (2002)Rob Van Dam
94%
December to Dismember (2006) | Elimination Chamber (2011) Smackdown | Elimination Chamber (2012) Smackdown | No Way Out (2009) SmackDownBig Show
91%
Elimination Chamber (2010) Raw | Elimination Chamber (2012) Raw | Elimination Chamber (2015) Tag Team | No Way Out (2009) RawKofi Kingston
91%
Elimination Chamber (2012) Raw | Elimination Chamber (2017)The Miz
91%
Elimination Chamber (2010) Smackdown | No Way Out (2008) Smackdown/ECW | No Way Out (2009) SmackDownThe Undertaker
91%
Elimination Chamber (2017)AJ Styles
88%
New Year's Revolution (2005) | No Way Out (2008) Smackdown/ECWBatista
88%
Elimination Chamber (2015) Tag TeamBig E
88%
December to Dismember (2006) | Elimination Chamber (2010) Smackdown | Elimination Chamber (2011) Raw | Elimination Chamber (2012) RawCM Punk
88%
Elimination Chamber (2012) Smackdown | Elimination Chamber (2013) | Elimination Chamber (2014)Daniel Bryan
88%
Elimination Chamber (2010) Smackdown | Elimination Chamber (2011) Smackdown | No Way Out (2009) RawRey Mysterio
88%
Elimination Chamber (2010) Raw | Elimination Chamber (2011) Raw | Elimination Chamber (2014) | Elimination Chamber (2015) IntercontinentalSheamus
88%
Elimination Chamber (2011) Smackdown | Elimination Chamber (2012) Smackdown | Elimination Chamber (2015) IntercontinentalWade Barrett
88%
Elimination Chamber (2015) Tag TeamXavier Woods
88%
Survivor Series (2002)Booker T
85%
New Year's Revolution (2006)Carlito
85%
Elimination Chamber (2014) | Elimination Chamber (2015) Tag TeamCesaro
85%
Elimination Chamber (2017)Dean Ambrose
85%
Elimination Chamber (2012) Raw | Elimination Chamber (2015) IntercontinentalDolph Ziggler
85%
Elimination Chamber (2010) Smackdown | Elimination Chamber (2011) RawJohn Morrison
85%
Elimination Chamber (2013) | Elimination Chamber (2015) IntercontinentalMark Henry
85%
Elimination Chamber (2012) SmackdownSantino Marella
85%
Elimination Chamber (2012) Smackdown | No Way Out (2008) Smackdown/ECWThe Great Khali
85%
No Way Out (2008) Smackdown/ECWBig Daddy V
82%
Elimination Chamber (2014)Christian
82%
No Way Out (2008) Smackdown/ECWMontel Vontavious Porter
82%
Elimination Chamber (2015) IntercontinentalRyback
82%
Elimination Chamber (2017)Baron Corbin
79%
December to Dismember (2006)Bobby Lashley
79%
New Year's Revolution (2005)Chris Benoit
79%
Elimination Chamber (2013)Jack Swagger
79%
No Way Out (2008) Raw | No Way Out (2009) SmackDownJeff Hardy
79%
New Year's Revolution (2006)Kurt Angle
79%
No Way Out (2008) Smackdown/ECWFinlay
76%
No Way Out (2008) RawJohn Bradshaw Layfield
76%
Elimination Chamber (2015) Tag TeamKonnor
76%
Elimination Chamber (2010) Smackdown | Elimination Chamber (2011) Raw | Elimination Chamber (2012) Raw | Elimination Chamber (2015) IntercontinentalR-Truth
76%
Elimination Chamber (2015) Tag TeamSin Cara
76%
Elimination Chamber (2015) Tag TeamTyson Kidd
76%
Elimination Chamber (2015) Tag TeamViktor
76%
No Way Out (2009) SmackDownVladimir Kozlov
76%
Elimination Chamber (2012) SmackdownCody Rhodes
74%
Elimination Chamber (2015) Tag TeamKalisto
74%
SummerSlam (2003)Kevin Nash
74%
December to Dismember (2006)Test
74%
New Year's Revolution (2006)Chris Masters
71%
Elimination Chamber (2010) RawTed DiBiase
71%
Elimination Chamber (2011) SmackdownDrew McIntyre
68%
December to Dismember (2006)Hardcore Holly
68%
No Way Out (2009) RawMike Knox
68%
No Way Out (2008) RawUmaga
68%
Elimination Chamber (2015) Tag TeamDiego
59%
Elimination Chamber (2015) Tag TeamFernando
59%
Elimination Chamber (2015) Tag TeamTitus O'Neil
59%
Elimination Chamber (2015) Tag TeamDarren Young
56%

Score Distribution

Percentile by Number Answered

Percent of People with Each Score

Your Score History

You have not taken this quiz